00532 2200193 4500001002100000005001500021035002000036007000300056008003900059082000700098084001300105100001600118245010100134250001000235260004600245300002400291600000800315990001500323INLIS00000000000991820260429084409 a0010-0426000355ta260429 | | |  a72 a72 ABD g0 aABDUL HAIYI1 aGAMBARAN KADAR KOLESTROL TOTAL PADA PEGAWAI UNIVERSITAS MUHAMMADIYAH PALANGKARAYA /cABDUL HAIYI aCet 1 aPalangka Raya :bPerpustakaan UMPR,c2023 axv, 26 hlm :bilus. 4aKTI a1972021563